000 00409nam a2200169Ia 4500
003 LK-CoDNM
008 010623t1890 xxu||||| |||| 00| 1 eng d
040 _aLK-CoDNM
_dLK-CoDNM
_eLK-CoDNM
041 _aeng
080 _a6 J.29
100 _aStarey, John Helps
245 _aThe Paddy tax in Ceylon
260 _bCasse Company
_aLondon
_c1890
300 _b30p., 17 cm
650 _aTaxation
942 _cBK
999 _c83199
_d83199